| 000 | 02345cam a22005417a 4500 | ||
|---|---|---|---|
| 001 | 000065790 | ||
| 003 | CHAP | ||
| 005 | 20220329141210.0 | ||
| 008 | 971010s1985 mx r 00110 spa d | ||
| 010 | _a64218 | ||
| 011 | _a65190 | ||
| 035 | _a71461 | ||
| 040 | _cCHAP | ||
| 082 |
_a581.972 _bH46 |
||
| 100 | 0 | 0 |
_aHernández Xolocotzi, Efraím. _954753 |
| 245 | 1 | 0 |
_aXolocotzia / _c/por Efraím Hernández Xolocotzi. |
| 260 |
_aChapingo, Méx. : _bUACH. Subdirección de Centros Regionales, _c1985. |
||
| 300 |
_a2 v. : _b: ilus. |
||
| 530 | _aTambién disponible en línea | ||
| 590 |
_aBATCH-UPD _b10 _c20130110 _lUCH01 _h1042 |
||
| 590 |
_aBATCH-UPD _b10 _c20130410 _lUCH01 _h0641 |
||
| 590 |
_aBATCH-UPD _b10 _c20130914 _lUCH01 _h0043 |
||
| 590 |
_aBATCH-UPD _b10 _c20130914 _lUCH01 _h2118 |
||
| 590 |
_aBATCH-UPD _b10 _c20140324 _lUCH01 _h1438 |
||
| 590 |
_aBATCH-UPD _b10 _c20141002 _lUCH01 _h0817 |
||
| 590 |
_aCONVERSION _b10 _c20130109 _lUCH01 _h1335 |
||
| 590 |
_aE11695DGD _b10 _c20140219 _lUCH01 _h1503 |
||
| 590 |
_aE11695DGD _b10 _c20140219 _lUCH01 _h1504 |
||
| 650 | 1 | 4 |
_aAgricultura _zMéxico. _91932 |
| 650 | 1 | 4 |
_aBotánica _zMéxico. _914641 |
| 650 | 1 | 4 |
_aEcología agrícola. _935165 |
| 856 |
_3Finding aid _uhttp://10.13.5.2/tesis/x00086(2).pdf _zTeclea aquí |
||
| 856 |
_3Finding aid _uhttp://10.13.5.2/tesis/x65790.pdf _zTeclea aquí |
||
| 901 | _aBK | ||
| 942 | _cLIBRO | ||
| 942 | _n0 | ||
| 949 |
_a581.972 H46 _bBC _cLIBRO _d33724000826855 _eLIBRO _fv.1 c.3 _h68040 _i71461 _si |
||
| 949 |
_a581.972 H46 _bBC _cLIBRO _d33724000833000 _eLIBRO _fv.2 c.2 _h70720 _i71461 _si |
||
| 949 |
_a581.972 H46 _bBC _cLIBRO _d33724000833067 _eLIBRO _fv.2 c.3 _h70721 _i71461 _so |
||
| 949 |
_a581.972 H46 _bBC _cLIBRO _d33724000905683 _eLIBRO _fv.1 c.6 _h70130 _i71461 _si |
||
| 949 |
_a581.972 H46 _bBC _cLIBRO _d33724000906053 _eLIBRO _fv.1 c.2 _h68039 _i71461 _si |
||
| 949 |
_a581.972 H46 _bBC _cLIBRO _d33724000906236 _eLIBRO _fv.1 _h68038 _i71461 _so |
||
| 949 |
_a581.972 H46 _bBC _cLIBRO _d33724000908844 _eLIBRO _fv.1 c. 4 _h68041 _i71461 _si |
||
| 949 |
_a581.972 H46 _bBC _cLIBRO _d33724002062421 _eLIBRO _fv.2 c.4 _h70722 _i71461 _si |
||
| 949 |
_a581.972 H46 _bBC _cLIBRO _d7146125 _eLIBRO _fv.2 c.5 _h70723 _i71461 _sb |
||
| 949 |
_a581.972 H46 _bBC _cUACH _d162635.5.1 _eUACH _fv.1 c.5 _h68042 _i71461 _sb |
||
| 949 |
_a581.972 H46 _bBC _cUACH _d33724000450243 _eUACH _fv.2 _h70719 _i71461 _sb |
||
| 999 |
_c64218 _d64218 |
||